Scottish property review (Record no. 119360)

MARC details
000 -LEADER
fixed length control field 01038cas a2200253 4500
001 - CONTROL NUMBER
control field L153747
008 - FIXED-LENGTH DATA ELEMENTS--GENERAL INFORMATION
fixed length control field 110824c2001 eng u
035 ## - SYSTEM CONTROL NUMBER
System control number (Sirsi) u153747
041 0# - LANGUAGE CODE
Language code of text/sound track or separate title eng
050 ## - LIBRARY OF CONGRESS CALL NUMBER
Classification number 333.33 $2 18
110 2# - MAIN ENTRY--CORPORATE NAME
Corporate name or jurisdiction name as entry element Ryden
9 (RLIN) 2067
245 00 - TITLE STATEMENT
Title Scottish property review
Medium [electronic resource]
260 ## - PUBLICATION, DISTRIBUTION, ETC.
Place of publication, distribution, etc. [S.l.]
Name of publisher, distributor, etc. Ryden
Date of publication, distribution, etc. April 2001-
362 0# - DATES OF PUBLICATION AND/OR SEQUENTIAL DESIGNATION
Dates of publication and/or sequential designation April 2001-
490 #0 - SERIES STATEMENT
Series statement Ryden Scottish Property Review
Volume/sequential designation April 2001-
520 ## - SUMMARY, ETC.
Summary, etc. Overview of the Scottish property market providing commentary on the economy and planning and analysis of the office, industrial, retail and investment property markets.
554 ## -
-- One per year
650 24 - SUBJECT ADDED ENTRY--TOPICAL TERM
Topical term or geographic name entry element RYDEN SCOTTISH PROPERTY REVIEW
651 #4 - SUBJECT ADDED ENTRY--GEOGRAPHIC NAME
Geographic name Scotland
Chronological subdivision 1999-
690 ## - LOCAL SUBJECT ADDED ENTRY--TOPICAL TERM (OCLC, RLIN)
Topical term or geographic name as entry element PROPERTY-COMMERCIAL PROPERTY-COMMERCIAL PROPERTY FINANCE AND INVESTMENT
690 ## - LOCAL SUBJECT ADDED ENTRY--TOPICAL TERM (OCLC, RLIN)
Topical term or geographic name as entry element PROPERTY-COMMERCIAL PROPERTY-COMMERCIAL PROPERTY MARKET
856 40 - ELECTRONIC LOCATION AND ACCESS
Uniform Resource Identifier <a href="https://www.ryden.co.uk/News/scottishPropertyReview.php">https://www.ryden.co.uk/News/scottishPropertyReview.php</a>
Public note View the property review free of charge at www.ryden.co.uk
942 ## - ADDED ENTRY ELEMENTS (KOHA)
Suppress in OPAC 0
Holdings
Withdrawn status Lost status Source of classification or shelving scheme Damaged status Not for loan Home library Current library Shelving location Date acquired Total Checkouts Full call number Barcode Date last seen Copy number Price effective from Koha item type
    Dewey Decimal Classification     Virtual Virtual Online 24/08/2011   ONLINE PUBLICATION 153747-2001 06/08/2019 1 06/08/2019 Book